| 000 | 01152nam0a2200313 i 4500 | ||
|---|---|---|---|
| 001 | RU\NLR\bibl\2020225 | ||
| 005 | 20241105174127.0 | ||
| 010 |
_a9785918440285 _91000 |
||
| 021 |
_aRU _b2013-20105 _91417 |
||
| 035 | _a(NLR Aleph) 002069253 | ||
| 090 |
_a4737936 _c4737936 |
||
| 100 | _a20131026d2012 u y0rusy50 ca | ||
| 101 | 0 | _arus | |
| 102 | _aRU | ||
| 105 | _aac ||||||||| | ||
| 200 | 1 |
_aПравда о Второй ударной _eочерки о защитниках Ленинграда _fВиктор Кокосов |
|
| 210 |
_aСанкт-Петербург _cРодные просторы _d2012 |
||
| 215 |
_a218, [1] с. _cил., портр. _d20 |
||
| 225 | 1 | _aБиблиотека журнала "Невский альманах" | |
| 601 | 0 | 2 |
_aУдарная армия _c2 _92166133 _3RU\NLR\AUTH\661303322 |
| 686 | 1 | _aЦ35(2)722-421 | |
| 700 | 1 |
_aКокосов _bВ. Н. _gВиктор Николаевич _4070 |
|
| 801 | 0 |
_aRU _bNLR _c20130408 _gRCR |
|
| 801 | 1 |
_aRU _bNLR _c20130408 |
|
| 942 | _cBOOK | ||
| 980 | _aNBR | ||